<?xml version="1.0" encoding="UTF-8"?>
<collection xmlns:xsi="http://www.w3.org/2001/XMLSchema-instance" xsi:schemaLocation="http://www.loc.gov/MARC21/slim http://www.loc.gov/standards/marcxml/schema/MARC21slim.xsd" xmlns="http://www.loc.gov/MARC21/slim">
 <record>
  <leader>00000cam a22000003a 4500</leader>
  <controlfield tag="001">UP-1685523046126355476</controlfield>
  <controlfield tag="003">Buklod</controlfield>
  <controlfield tag="005">20240605084618.0</controlfield>
  <controlfield tag="006">a     r    |||| u|</controlfield>
  <controlfield tag="007">ta</controlfield>
  <controlfield tag="008">240605s2020    xx     d     |||| ||    |</controlfield>
  <datafield tag="020" ind1=" " ind2=" ">
   <subfield code="a">9780323611176</subfield>
  </datafield>
  <datafield tag="035" ind1=" " ind2=" ">
   <subfield code="a">(iLib)UPMNL-00017341716</subfield>
  </datafield>
  <datafield tag="037" ind1=" " ind2=" ">
   <subfield code="a">Donated by Prof. Rolando T. Lazaro, 19 May 2022</subfield>
  </datafield>
  <datafield tag="040" ind1=" " ind2=" ">
   <subfield code="a">CAMP</subfield>
   <subfield code="e">rda</subfield>
  </datafield>
  <datafield tag="041" ind1=" " ind2=" ">
   <subfield code="a">eng</subfield>
  </datafield>
  <datafield tag="090" ind1=" " ind2="0">
   <subfield code="a">RC 350 E85</subfield>
   <subfield code="b">L431 2020</subfield>
  </datafield>
  <datafield tag="245" ind1="0" ind2="0">
   <subfield code="a">Umphred's neurological rehabilitation</subfield>
   <subfield code="c">Rolando T. Lazaro, et al.</subfield>
  </datafield>
  <datafield tag="250" ind1=" " ind2=" ">
   <subfield code="a">7th edition.</subfield>
  </datafield>
  <datafield tag="264" ind1=" " ind2="1">
   <subfield code="a">St. Louis, MO</subfield>
   <subfield code="b">Elsevier</subfield>
   <subfield code="c">c2020.</subfield>
  </datafield>
  <datafield tag="300" ind1=" " ind2=" ">
   <subfield code="a">xvii, 1146 pages</subfield>
   <subfield code="b">illustrations</subfield>
   <subfield code="c">28 cm.</subfield>
  </datafield>
  <datafield tag="500" ind1=" " ind2=" ">
   <subfield code="a">Includes bibliographical references and index.</subfield>
  </datafield>
  <datafield tag="650" ind1="1" ind2="7">
   <subfield code="a">Nervous System</subfield>
   <subfield code="x">Diseases</subfield>
   <subfield code="x">Patients</subfield>
   <subfield code="x">Rehabilitation.</subfield>
  </datafield>
  <datafield tag="650" ind1="1" ind2="7">
   <subfield code="a">Nervous System</subfield>
   <subfield code="x">Diseases</subfield>
   <subfield code="x">Patients</subfield>
   <subfield code="x">Physical therapy.</subfield>
  </datafield>
  <datafield tag="650" ind1="1" ind2="7">
   <subfield code="a">Exercise therapy.</subfield>
  </datafield>
  <datafield tag="700" ind1="1" ind2=" ">
   <subfield code="a">Reina-Guerra, Sandra G.</subfield>
  </datafield>
  <datafield tag="700" ind1="1" ind2=" ">
   <subfield code="a">Quiben, Myla U.</subfield>
  </datafield>
  <datafield tag="856" ind1="4" ind2="0">
   <subfield code="a">eBook available at</subfield>
   <subfield code="u">https://studentconsult.inkling.com/read</subfield>
  </datafield>
  <datafield tag="905" ind1=" " ind2=" ">
   <subfield code="a">FO</subfield>
  </datafield>
  <datafield tag="852" ind1="0" ind2=" ">
   <subfield code="a">UPMNL</subfield>
   <subfield code="b">CAMP</subfield>
   <subfield code="h">RC 350 E85</subfield>
   <subfield code="i">L431 2020</subfield>
  </datafield>
  <datafield tag="942" ind1=" " ind2=" ">
   <subfield code="a">Book</subfield>
  </datafield>
 </record>
</collection>
